|
|
|
|
| LEADER |
00000nta a2200000 i 4500 |
| 001 |
dolg21758 |
| 005 |
20190515175338.0 |
| 008 |
190515suuuu hu om 000 hun d |
| 040 |
|
|
|a BGE Dolgozattár Repozitórium
|b hun
|
| 041 |
|
|
|a hu
|
| 100 |
1 |
|
|a Tatai Bence
|
| 245 |
1 |
0 |
|a Webalkalmazás fejlesztése Angular keretrendszer segítségével
|c Tatai Bence
|h [elektronikus dokumentum]
|
| 246 |
1 |
1 |
|a Webalkalmazás fejlesztése Angular keretrendszer segítségével
|
| 246 |
1 |
1 |
|a Web application development with Angular framework
|
| 695 |
|
|
|a Webfejlesztés
|
| 695 |
|
|
|a Angular
|
| 700 |
1 |
|
|a Baják Dr. Imre
|e ths
|
| 700 |
1 |
|
|a Reichenbach Ádám
|e ths
|
| 856 |
4 |
0 |
|u http://dolgozattar.uni-bge.hu/21758/1/Szakdolgozat_Tatai_Bence.pdf
|z Dokumentum-elérés
|